Wszystkie miasta województwa wielkopolskiego na mapie - Statystyki

Ogólne statystyki
  • Ten quiz został rozwiązany 7 286 razy
    7 231 od ostatniego zresetowania
  • Średni wynik to 37 z 120
Odpowiedzi na mapie
Odpowiedzi zakodowano w zielono-czerwonej skali na mapie do tego quizu, zgodnie z poniższymi procentami.
 
Statystyki odpowiedzi
Miasto % Poprawnych
Poznań
98%
Konin
84%
Kalisz
83%
Piła
83%
Gniezno
79%
Leszno
78%
Ostrów Wielkopolski
68%
Koło
64%
Września
61%
Środa Wielkopolska
59%
Swarzędz
57%
Turek
57%
Jarocin
56%
Oborniki
55%
Śrem
55%
Luboń
52%
Rawicz
52%
Szamotuły
52%
Kościan
50%
Krotoszyn
50%
Wągrowiec
50%
Grodzisk Wielkopolski
49%
Nowy Tomyśl
49%
Złotów
48%
Gostyń
47%
Wolsztyn
47%
Czarnków
46%
Kępno
46%
Pleszew
45%
Chodzież
43%
Kórnik
43%
Trzcianka
42%
Wronki
42%
Mosina
41%
Słupca
41%
Międzychód
40%
Ostrzeszów
40%
Kostrzyn
38%
Puszczykowo
37%
Murowana Goślina
35%
Buk
32%
Krzyż Wielkopolski
32%
Pobiedziska
31%
Zbąszyń
29%
Opalenica
28%
Kłodawa
27%
Pniewy
27%
Stęszew
27%
Rogoźno
26%
Jastrowie
24%
Koźmin Wielkopolski
24%
Nowe Skalmierzyce
24%
Śmigiel
24%
Ujście
24%
Czempiń
23%
Nekla
23%
Ślesin
22%
Trzemeszno
22%
Bojanowo
21%
Borek Wielkopolski
21%
Budzyń
21%
Odolanów
21%
Pyzdry
21%
Golina
20%
Krajenka
20%
Książ Wielkopolski
20%
Okonek
20%
Sieraków
20%
Skoki
20%
Gołańcz
19%
Kleczew
19%
Margonin
19%
Opatówek
19%
Rydzyna
19%
Szamocin
19%
Wieleń
19%
Witkowo
19%
Wyrzysk
19%
Zaniemyśl
19%
Zduny
19%
Grabów nad Prosną
18%
Kaczory
18%
Miejska Górka
18%
Mikstat
18%
Miłosław
18%
Czerniejewo
17%
Dobra
17%
Kobylin
17%
Koźminek
17%
Krobia
17%
Lwówek
17%
Obrzycko
17%
Rakoniewice
17%
Rychwał
17%
Sompolno
17%
Dolsk
16%
Kłecko
16%
Miasteczko Krajeńskie
16%
Osieczna
16%
Tuliszków
16%
Żerków
16%
Chocz
15%
Dąbie
15%
Dobrzyca
15%
Jaraczewo
15%
Jutrosin
15%
Łobżenica
15%
Ostroróg
15%
Poniec
15%
Rychtal
15%
Sulmierzyce
15%
Wysoka
15%
Mieścisko
14%
Raszków
14%
Zagórów
14%
Krzywiń
13%
Przedecz
13%
Stawiszyn
13%
Wielichowo
13%
Pogorzela
12%
Nie znaleziono quizów pasujących do podanych kryteriów
Rozkład punktacji
Procent ludzi z każdym wynikiem
Percentyl według liczby udzielonych odpowiedzi
Twoja historia wyników
Nie rozwiązałeś tego quizu od ostatniego zresetowania